| 000 | 00957cad a22001935a 4500 | ||
|---|---|---|---|
| 001 | L151673 | ||
| 008 | 110310s2011 xxk 000 0 eng d | ||
| 035 | _a(Sirsi) u151673 | ||
| 041 | 0 | _aeng | |
| 110 | 2 |
_aLeading Edge _95902 |
|
| 245 | 0 | 4 |
_aThe state of the industry construction market survey _bFebruary 2011 _bsummary _h[electronic resource] |
| 260 |
_aWokingham _bLeading Edge _c2011 |
||
| 520 | _aA summary of the full "State of the Industry" quarterly report which covers a range of topics on the prospects of the construction industry and, in particular, on future plans for marketing activities, budgets and headcount. | ||
| 590 | _aKA NTK | ||
| 651 | 4 |
_aUnited Kingdom _y |
|
| 690 | _aBUILT ENVIRONMENT-CONSTRUCTION MARKET | ||
| 856 | 4 | 0 |
_uhttps://www.cimcig.org/files/news/Construction_marketi_1298941372.pdf _zView the summary free of charge and obtain the cost and further details of the full market survey at www.lead-edge.co.uk |
| 942 | _n0 | ||
| 999 |
_c111526 _d111526 |
||